00579nam a2200241Ia 450000500170000000800460001702000180006303700100008104000080009104000080009904000080010704100080011504100080012308400080013110000180013924500340015724500480019126000230023926000090026236500050027136500080027685600530028420260324135846.0008 260324s9999 xx 000 0 eng d a9780429460630 aEBOOK aCRL beng cCRL 2eng aeng qCRL aMalcolm Floyd 0aComposing the Music of Africa 0bComposition, Interpretation and Realisation bTaylor and Francis c1999 a b205 uhttp://www.taylorfrancis.com/books/9780429460630